[Event "CZE-chT2D 2122"]
[Site "Czech Republic"]
[Date "2022.02.27"]
[Round "9.2"]
[White "Jirasek, Pavel"]
[Black "Sohr, Vladimir"]
[Result "1-0"]
[WhiteElo "2282"]
[BlackElo "2096"]
[PlyCount "49"]
[EventDate "2021.10.17"]
[EventType "team-tourn"]
[EventRounds "11"]
[EventCountry "CZE"]
[SourceTitle "EXT 2025"]
[Source "ChessBase"]
[SourceDate "2024.10.14"]
[SourceVersion "1"]
[SourceVersionDate "2024.10.14"]
[SourceQuality "1"]
[WhiteTeam "Lipa"]
[BlackTeam "Zabreh"]
[WhiteTeamCountry "CZE"]
[BlackTeamCountry "CZE"]

1. d4 Nf6 2. g3 d5 3. Bg2 e6 4. Nf3 c5 5. 0-0 Qb6 6. c4 dxc4 7. Na3 Nc6 8. Nxc4 Qd8 9. Nfe5 Nxe5 10. dxe5 Qxd1 11. Rxd1 Nd7 12. Be3 Rb8 13. Rd2 Be7 14. Rad1 Rf8 15. b4 f6 16. exf6 gxf6 17. Nd6+ Bxd6 18. Rxd6 Ne5 19. Rd8+ Kf7 20. Rxf8+ Kxf8 21. Bxc5+ Ke8 22. Be4 Bd7 23. Bxh7 Bb5 24. f4 b6 25. Bd6 1-0

[Event "CZE-chT2D 2122"]
[Site "Czech Republic"]
[Date "2022.02.13"]
[Round "8.2"]
[White "Sohr, Vladimir"]
[Black "Fisar, Josef"]
[Result "1/2-1/2"]
[WhiteElo "2096"]
[BlackElo "2084"]
[PlyCount "85"]
[EventDate "2021.10.17"]
[EventType "team-tourn"]
[EventRounds "11"]
[EventCountry "CZE"]
[SourceTitle "EXT 2025"]
[Source "ChessBase"]
[SourceDate "2024.10.14"]
[SourceVersion "1"]
[SourceVersionDate "2024.10.14"]
[SourceQuality "1"]
[WhiteTeam "Zabreh"]
[BlackTeam "Zdar nad Sazavou"]
[WhiteTeamCountry "CZE"]
[BlackTeamCountry "CZE"]

1. e4 c5 2. Nf3 d6 3. d4 cxd4 4. Nxd4 Nf6 5. Nc3 a6 6. Bc4 e6 7. Bb3 Nbd7 8. Be3 Nc5 9. f3 h5 10. Qd2 b5 11. 0-0 Bb7 12. Rad1 Be7 13. Qf2 b4 14. Ba4+ Nxa4 15. Nxa4 Nd7 16. Nb3 Rc8 17. Nb6 Nxb6 18. Bxb6 Qd7 19. Rd2 Qb5 20. Bd4 e5 21. Be3 d5 22. exd5 Bxd5 23. Qg3 Bf6 24. Rfd1 Be6 25. h4 Bf5 26. Bg5 Qb6+ 27. Kh1 Bxg5 28. Qxe5+ Qe6 29. Qxe6+ Bxe6 30. hxg5 0-0 31. Nd4 Bd7 32. Ne2 Bb5 33. Nf4 Kh7 34. Nd5 a5 35. c3 bxc3 36. Nxc3 Bc4 37. Ne4 Bxa2 38. Ra1 Be6 39. Rxa5 Rc1+ 40. Kh2 Rb8 41. Nc5 Bc4 42. Nd7 Rc8 43. b4 1/2-1/2

[Event "CZE-chT2D 2122"]
[Site "Czech Republic"]
[Date "2021.12.05"]
[Round "4.2"]
[White "Sohr, Vladimir"]
[Black "Kratky, Josef"]
[Result "1/2-1/2"]
[WhiteElo "2096"]
[BlackElo "2014"]
[PlyCount "42"]
[EventDate "2021.10.17"]
[EventType "team-tourn"]
[EventRounds "11"]
[EventCountry "CZE"]
[SourceTitle "EXT 2025"]
[Source "ChessBase"]
[SourceDate "2024.10.14"]
[SourceVersion "1"]
[SourceVersionDate "2024.10.14"]
[SourceQuality "1"]
[WhiteTeam "Zabreh"]
[BlackTeam "Lanskroun"]
[WhiteTeamCountry "CZE"]
[BlackTeamCountry "CZE"]

1. e4 e6 2. d4 d5 3. exd5 exd5 4. Nf3 Nf6 5. c4 Bb4+ 6. Nc3 0-0 7. Be2 dxc4 8. Bxc4 Re8+ 9. Be3 Be6 10. Bxe6 Rxe6 11. 0-0 Nbd7 12. Qb3 a5 13. Rad1 h6 14. d5 Re8 15. Nb5 Ne4 16. Bf4 Nd6 17. Nfd4 Nf6 18. Bxd6 Bxd6 19. Nf5 Qd7 20. Nfxd6 cxd6 21. a4 Ne4 1/2-1/2

[Event "CZE-chT2D 2122"]
[Site "Czech Republic"]
[Date "2021.11.21"]
[Round "3.2"]
[White "Sohr, Vladimir"]
[Black "Cerveny, Petr"]
[Result "1/2-1/2"]
[WhiteElo "2096"]
[BlackElo "2321"]
[PlyCount "39"]
[EventDate "2021.10.17"]
[EventType "team-tourn"]
[EventRounds "11"]
[EventCountry "CZE"]
[SourceTitle "EXT 2025"]
[Source "ChessBase"]
[SourceDate "2024.10.14"]
[SourceVersion "1"]
[SourceVersionDate "2024.10.14"]
[SourceQuality "1"]
[WhiteTeam "Zabreh"]
[BlackTeam "Policka Stefanydes"]
[WhiteTeamCountry "CZE"]
[BlackTeamCountry "CZE"]

1. e4 c5 2. Nf3 d6 3. d4 cxd4 4. Nxd4 Nf6 5. Nc3 a6 6. Bc4 e6 7. Bb3 Nbd7 8. Be3 Nc5 9. f3 Bd7 10. Qd2 Be7 11. g4 b5 12. h4 b4 13. Nce2 Nfxe4 14. fxe4 Nxe4 15. Qd3 Bxh4+ 16. Kd1 d5 17. a3 bxa3 18. Rxa3 Be7 19. Rxa6 g6 20. Nc1 1/2-1/2

[Event "CZE-chT2D 1718"]
[Site "Czech Republic"]
[Date "2018.04.08"]
[Round "11.6"]
[White "Danek, Pavel"]
[Black "Sohr, Vladimir"]
[Result "1/2-1/2"]
[WhiteElo "1944"]
[BlackElo "2119"]
[PlyCount "184"]
[EventDate "2017.10.15"]
[EventType "team-tourn"]
[EventRounds "11"]
[EventCountry "CZE"]
[SourceTitle "EXT 2022"]
[Source "ChessBase"]
[SourceDate "2021.10.06"]
[SourceVersion "1"]
[SourceVersionDate "2021.10.06"]
[SourceQuality "1"]
[WhiteTeam "Vysoke Myto"]
[BlackTeam "Velke Losiny"]
[WhiteTeamCountry "CZE"]
[BlackTeamCountry "CZE"]

1. d4 Nf6 2. Nf3 d5 3. Bg5 Ne4 4. Bh4 c5 5. c3 Qb6 6. Qb3 Nc6 7. e3 c4 8. Qxb6 axb6 9. Nbd2 f5 10. a3 e6 11. Be2 Bd6 12. Nxe4 fxe4 13. Nd2 0-0 14. 0-0 Ne7 15. f3 Ng6 16. Bg3 Bxg3 17. hxg3 exf3 18. gxf3 Bd7 19. f4 Ne7 20. Bg4 Nf5 21. Bxf5 exf5 22. Nf3 Ba4 23. Rf2 Rf6 24. Kg2 Rh6 25. Rh1 Rxh1 26. Kxh1 Bb3 27. Rd2 Ba2 28. Rd1 Ra5 29. Kg2 Rb5 30. Rd2 Bb1 31. Ne5 Be4+ 32. Kh3 Ra5 33. Kh4 Ra6 34. Nd7 b5 35. Nc5 Rh6+ 36. Kg5 Rg6+ 37. Kh4 Bf3 38. g4 fxg4 39. Kg3 b6 40. Nd7 Re6 41. Ne5 h5 42. Rh2 Rh6 43. Nxf3 gxf3 44. Kxf3 Kf7 45. e4 dxe4+ 46. Kxe4 Re6+ 47. Kd5 g6 48. f5 Rf6 49. fxg6+ Kxg6 50. Rg2+ Kf7 51. Ke5 Re6+ 52. Kf4 Rf6+ 53. Kg3 Kg6 54. Re2 Rf5 55. Re6+ Kg5 56. Rxb6 h4+ 57. Kg2 Kg4 58. Rg6+ Kh5 59. Rg8 Rf6 60. Re8 Kg4 61. Re4+ Kg5 62. d5 Kf5 63. Rxh4 Ke5 64. Rd4 Kd6 65. Kg3 Rf1 66. Rd2 Rf8 67. Kg2 Rf5 68. Rd4 Rf8 69. Kg1 Rf5 70. a4 bxa4 71. Rxc4 Rxd5 72. Rb4 Rd2 73. Kf1 Kc5 74. Ke1 Rh2 75. Kd1 Rh1+ 76. Kc2 Ra1 77. Rh4 Kb5 78. Rb4+ Kc5 79. Rb8 Rh1 80. Ra8 Kb5 81. Rb8+ Kc5 82. Rb4 Ra1 83. Rh4 Kb5 84. Rh5+ Kb6 85. Rh8 Kb5 86. Rh4 Kc5 87. Rb4 Kc6 88. Kd3 Kc5 89. Rb8 Rd1+ 90. Kc2 Ra1 91. Rh8 Kc4 92. Rh4+ Kb5 1/2-1/2

[Event "CZE-chT2D 1718"]
[Site "Czech Republic"]
[Date "2018.03.18"]
[Round "10.6"]
[White "Sohr, Vladimir"]
[Black "Cizek, Antonin"]
[Result "1/2-1/2"]
[WhiteElo "2119"]
[BlackElo "2221"]
[PlyCount "30"]
[EventDate "2017.10.15"]
[EventType "team-tourn"]
[EventRounds "11"]
[EventCountry "CZE"]
[SourceTitle "EXT 2022"]
[Source "ChessBase"]
[SourceDate "2021.10.06"]
[SourceVersion "1"]
[SourceVersionDate "2021.10.06"]
[SourceQuality "1"]
[WhiteTeam "Velke Losiny"]
[BlackTeam "Namest nad Oslavou"]
[WhiteTeamCountry "CZE"]
[BlackTeamCountry "CZE"]

1. e4 e6 2. d4 d5 3. exd5 exd5 4. Nf3 Nf6 5. c4 Be7 6. Nc3 0-0 7. Qb3 c6 8. Bd3 dxc4 9. Bxc4 Qb6 10. 0-0 Qxb3 11. Bxb3 Bf5 12. Re1 Bd6 13. d5 Bb4 14. Nd4 Bd7 15. dxc6 Nxc6 1/2-1/2

[Event "CZE-chT2D 1415"]
[Site "Czech Republic"]
[Date "2015.01.25"]
[Round "6.2"]
[White "Sohr, Vladimir"]
[Black "Machan, Jan"]
[Result "0-1"]
[WhiteElo "2085"]
[BlackElo "2240"]
[PlyCount "76"]
[EventDate "2014.11.02"]
[EventType "team-tourn"]
[EventRounds "11"]
[EventCountry "CZE"]
[SourceTitle "EXT 2022"]
[Source "ChessBase"]
[SourceDate "2021.10.06"]
[SourceVersion "1"]
[SourceVersionDate "2021.10.06"]
[SourceQuality "1"]
[WhiteTeam "Zabreh"]
[BlackTeam "Polabiny II"]
[WhiteTeamCountry "CZE"]
[BlackTeamCountry "CZE"]

1. e4 c5 2. Nf3 d6 3. d4 cxd4 4. Nxd4 Nf6 5. Nc3 a6 6. Bc4 e6 7. Bb3 Nbd7 8. Be3 Nc5 9. f3 Be7 10. Qd2 Qc7 11. 0-0-0 h5 12. Kb1 Bd7 13. Rhe1 b5 14. a3 Rb8 15. Bg5 a5 16. Bxf6 Bxf6 17. f4 b4 18. axb4 Rxb4 19. Nf5 0-0 20. e5 dxe5 21. fxe5 Bd8 22. Ng3 a4 23. Nxa4 Rxa4 24. Bxa4 Bxa4 25. Nxh5 Bg5 26. Qc3 Ra8 27. Rd4 Be8 28. Rc4 Qa7 29. Qa3 Na4 30. Nf6+ gxf6 31. exf6 Bxf6 32. Rg4+ Bg7 33. Re3 Nc3+ 34. Rxc3 Qg1+ 35. Ka2 Rxa3+ 36. Rxa3 f5 37. Rc4 Qb6 38. c3 Bc6 0-1

[Event "CZE-chT2D 1415"]
[Site "Czech Republic"]
[Date "2014.12.14"]
[Round "4.2"]
[White "Sohr, Vladimir"]
[Black "Mozny, Milos"]
[Result "1-0"]
[WhiteElo "2085"]
[BlackElo "2318"]
[PlyCount "57"]
[EventDate "2014.11.02"]
[EventType "team-tourn"]
[EventRounds "11"]
[EventCountry "CZE"]
[SourceTitle "EXT 2022"]
[Source "ChessBase"]
[SourceDate "2021.10.06"]
[SourceVersion "1"]
[SourceVersionDate "2021.10.06"]
[SourceQuality "1"]
[WhiteTeam "Zabreh"]
[BlackTeam "Hradec Kralove II"]
[WhiteTeamCountry "CZE"]
[BlackTeamCountry "CZE"]

1. e4 c5 2. Nf3 e6 3. d4 cxd4 4. Nxd4 d6 5. Nc3 Be7 6. Be3 Nc6 7. Qd2 Nf6 8. f3 a6 9. 0-0-0 Qc7 10. g4 Nd7 11. f4 b5 12. Bg2 Bb7 13. f5 Nxd4 14. Bxd4 b4 15. fxe6 fxe6 16. Ne2 Rc8 17. Kb1 e5 18. Bg1 Nf6 19. Ng3 Nxg4 20. Nf5 0-0 21. Bb6 Qd7 22. Qxb4 Rxf5 23. exf5 Bxg2 24. Rhg1 Nf6 25. Rxg2 Qc6 26. Rdg1 Rb8 27. Rxg7+ Kf8 28. Qb3 d5 29. Qg3 1-0

[Event "CZE-chT2D 1415"]
[Site "Czech Republic"]
[Date "2014.11.16"]
[Round "2.3"]
[White "Sohr, Vladimir"]
[Black "Komarek, David"]
[Result "0-1"]
[WhiteElo "2085"]
[BlackElo "2147"]
[PlyCount "98"]
[EventDate "2014.11.02"]
[EventType "team-tourn"]
[EventRounds "11"]
[EventCountry "CZE"]
[SourceTitle "EXT 2022"]
[Source "ChessBase"]
[SourceDate "2021.10.06"]
[SourceVersion "1"]
[SourceVersionDate "2021.10.06"]
[SourceQuality "1"]
[WhiteTeam "Zabreh"]
[BlackTeam "Policka Stefanydes"]
[WhiteTeamCountry "CZE"]
[BlackTeamCountry "CZE"]

1. e4 e6 2. d4 d5 3. exd5 exd5 4. Nf3 Nc6 5. c4 Bg4 6. c5 Bxf3 7. gxf3 Qf6 8. Be3 0-0-0 9. Nc3 Bxc5 10. dxc5 d4 11. Ne4 Qe5 12. Bg5 Re8 13. Be2 f5 14. Ng3 f4 15. Ne4 h6 16. Bxf4 Qxf4 17. Qd2 Qf5 18. 0-0-0 Nf6 19. Qc2 Nxe4 20. fxe4 Rxe4 21. Bd3 Qf4+ 22. Qd2 Qxd2+ 23. Rxd2 Re5 24. f4 Rxc5+ 25. Kd1 Rf8 26. f5 Ne7 27. Rg1 Nxf5 28. Bxf5+ Rcxf5 29. Rxg7 Rf1+ 30. Kc2 R1f2 31. Rg2 d3+ 32. Kc3 Rxg2 33. Rxg2 Rd8 34. Kd2 b6 35. b4 Kb7 36. Rg7 Rd4 37. a3 Rh4 38. Rg2 Rh3 39. a4 a6 40. Rf2 Rh4 41. Kc3 b5 42. axb5 axb5 43. Rd2 Rc4+ 44. Kb3 Rd4 45. Kc3 Rd5 46. Rxd3 Rxd3+ 47. Kxd3 Kc6 48. Ke4 Kd6 49. Kd4 h5 0-1

[Event "IPCA Wch-B 13th"]
[Site "Velke Losiny"]
[Date "2013.06.20"]
[Round "4"]
[White "Jurkiewicz, Krzysztof"]
[Black "Sohr, Vladimir"]
[Result "0-1"]
[WhiteElo "2124"]
[BlackElo "2082"]
[PlyCount "136"]
[EventDate "2013.06.18"]
[EventType "swiss"]
[EventRounds "9"]
[EventCountry "CZE"]
[SourceTitle "EXT 2014"]
[Source "ChessBase"]
[SourceDate "2013.11.20"]
[SourceVersion "1"]
[SourceVersionDate "2013.11.20"]
[SourceQuality "1"]

1. d4 d5 2. c4 e6 3. Nc3 Nf6 4. cxd5 exd5 5. Bg5 c6 6. Qc2 Nbd7 7. e3 Qa5 8. Bd3 Bb4 9. Nge2 0-0 10. 0-0 Re8 11. a3 Be7 12. b4 Qd8 13. b5 h6 14. Bf4 Nf8 15. bxc6 bxc6 16. Na4 Qa5 17. Nc5 Bxc5 18. Qxc5 Qxc5 19. dxc5 Ne4 20. Bxe4 Rxe4 21. f3 Ra4 22. Bd6 Ba6 23. Rfe1 Ne6 24. Kf2 Re8 25. Ng3 Ra5 26. Rec1 Bc4 27. Nf5 Nxc5 28. Bxc5 Rxc5 29. Rc3 Rb8 30. Nd4 Rb2+ 31. Kg3 Rb6 32. Kf4 Ra5 33. g4 c5 34. Nf5 Rb3 35. Rxb3 Bxb3 36. Ke5 Ra6 37. h4 f6+ 38. Kf4 Kf7 39. h5 Bc2 40. Rc1 Bxf5 41. Kxf5 Rc6 42. Rd1 d4 43. exd4 cxd4 44. Rxd4 Rc5+ 45. Kf4 Rc7 46. a4 Ke6 47. Re4+ Kf7 48. Rb4 g6 49. Kg3 gxh5 50. gxh5 Ke6 51. Rb5 Rg7+ 52. Kh4 Rg5 53. Rb4 Kf5 54. Rb7 Kf4 55. Rxa7 Kxf3 56. Rf7 f5 57. a5 f4 58. Rf6 Rg4+ 59. Kh3 Rg1 60. Kh2 Rg5 61. Rxh6 Rxa5 62. Rh8 Rf5 63. Kh1 Kf2 64. Kh2 f3 65. Rh6 Kf1 66. Rh8 f2 67. Rh7 Re5 68. Rh6 Ke2 0-1

[Event "IPCA Wch-B 13th"]
[Site "Velke Losiny"]
[Date "2013.06.19"]
[Round "2"]
[White "Bondarets, Vadim"]
[Black "Sohr, Vladimir"]
[Result "1/2-1/2"]
[WhiteElo "2335"]
[BlackElo "2082"]
[PlyCount "132"]
[EventDate "2013.06.18"]
[EventType "swiss"]
[EventRounds "9"]
[EventCountry "CZE"]
[SourceTitle "EXT 2014"]
[Source "ChessBase"]
[SourceDate "2013.11.20"]
[SourceVersion "1"]
[SourceVersionDate "2013.11.20"]
[SourceQuality "1"]

1. e4 c5 2. Nf3 d6 3. c3 Nf6 4. Be2 Nc6 5. d3 e6 6. 0-0 Be7 7. a3 a5 8. a4 Bd7 9. Na3 0-0 10. Re1 Na7 11. Bf1 b5 12. axb5 Nxb5 13. Nc4 e5 14. d4 exd4 15. cxd4 Bg4 16. dxc5 Bxf3 17. Qxf3 Nd4 18. Qc3 dxc5 19. Rxa5 Qc7 20. Rxa8 Rxa8 21. f3 Rb8 22. Be3 Bd6 23. Nxd6 Qxd6 24. Rc1 Nd7 25. Qd2 Qb6 26. Rd1 Qxb2 27. Qxb2 Rxb2 28. Bxd4 cxd4 29. Rxd4 Rb7 30. Ba6 Ra7 31. Bb5 Nf8 32. Rd8 g6 33. Bc4 Kg7 34. Re8 h5 35. Kf2 Rc7 36. Bd5 Rd7 37. Ke3 Nh7 38. Kd4 Ra7 39. e5 Nf8 40. f4 Ra4+ 41. Ke3 Ra3+ 42. Ke2 Ra5 43. Bc4 Ra7 44. g3 Rc7 45. Kd3 Nd7 46. Kd4 Nf8 47. h3 Rd7+ 48. Ke3 Rc7 49. Bd5 Ra7 50. g4 hxg4 51. hxg4 Ra5 52. Bc4 Ra4 53. Rc8 Ra7 54. Re8 Ra4 55. Kd3 Ra7 56. f5 gxf5 57. gxf5 Nd7 58. Kd4 Nb6 59. f6+ Kg6 60. Bd3+ Kg5 61. Re7 Rd7+ 62. Ke4 Na4 63. Rxd7 Nc5+ 64. Kd5 Nxd7 65. Kd6 Nxf6 66. Be2 Ng4 1/2-1/2

[Event "CZE-chT2D 1213"]
[Site "Czech Republic"]
[Date "2013.02.17"]
[Round "9.2"]
[White "Sohr, Vladimir"]
[Black "Cechura, Petr"]
[Result "1/2-1/2"]
[WhiteElo "2094"]
[BlackElo "2201"]
[PlyCount "65"]
[EventDate "2012.10.14"]
[EventType "team-tourn"]
[EventRounds "11"]
[EventCountry "CZE"]
[SourceTitle "EXT 2016"]
[Source "ChessBase"]
[SourceDate "2015.10.08"]
[SourceVersion "1"]
[SourceVersionDate "2015.10.08"]
[SourceQuality "1"]
[WhiteTeam "Sumperk"]
[BlackTeam "Nachod"]
[WhiteTeamCountry "CZE"]
[BlackTeamCountry "CZE"]

1. e4 c5 2. Nf3 a6 3. d4 cxd4 4. Nxd4 Nf6 5. Nc3 e5 6. Nf3 Bb4 7. Bd2 d6 8. Bd3 Bg4 9. h3 Bh5 10. Qe2 Nc6 11. g4 Bg6 12. 0-0-0 Rc8 13. h4 h5 14. g5 Nd7 15. Nd5 Bxd2+ 16. Qxd2 Nc5 17. Rhe1 0-0 18. Kb1 b5 19. Ng1 Nd4 20. c3 Nxd3 21. Qxd3 Ne6 22. f3 Nc5 23. Qd2 Re8 24. Ne2 a5 25. Ng3 Rc6 26. Nf5 Re6 27. Re2 Kh7 28. Rg1 Na4 29. Ree1 Nb6 30. Nfe3 Nc4 31. Nxc4 Rxc4 32. Rd1 Qb8 33. Qe3 1/2-1/2

[Event "CZE-chT2D 1213"]
[Site "Czech Republic"]
[Date "2013.01.06"]
[Round "6.2"]
[White "Varejcko, Josef"]
[Black "Sohr, Vladimir"]
[Result "1-0"]
[WhiteElo "2237"]
[BlackElo "2094"]
[PlyCount "107"]
[EventDate "2012.10.14"]
[EventType "team-tourn"]
[EventRounds "11"]
[EventCountry "CZE"]
[SourceTitle "EXT 2016"]
[Source "ChessBase"]
[SourceDate "2015.10.08"]
[SourceVersion "1"]
[SourceVersionDate "2015.10.08"]
[SourceQuality "1"]
[WhiteTeam "Vysoke Myto"]
[BlackTeam "Sumperk"]
[WhiteTeamCountry "CZE"]
[BlackTeamCountry "CZE"]

1. d4 d5 2. Nf3 Nf6 3. g3 e6 4. Bg2 Be7 5. 0-0 0-0 6. c4 dxc4 7. Qc2 a6 8. a4 Nc6 9. Qxc4 Bd7 10. Nbd2 Nb4 11. Ne5 Bxa4 12. Rxa4 b5 13. Qxb4 Bxb4 14. Rxb4 Qd6 15. Rb3 Rac8 16. Nc6 Nd5 17. Bxd5 exd5 18. Rc3 Rfe8 19. Re1 f6 20. Rc5 Re6 21. Nb1 Qd7 22. Nb4 c6 23. Nxa6 Ra8 24. Nb4 Ra4 25. Bd2 Ra1 26. e3 Rd6 27. Nc2 Ra2 28. Bc3 Ra8 29. Nba3 h5 30. Rc1 h4 31. Ne1 hxg3 32. fxg3 Qe8 33. Ng2 Re6 34. Nc2 Kh7 35. Rf1 g5 36. Nb4 Kg6 37. Bd2 Qd7 38. Rfc1 Rh8 39. Nd3 Rd6 40. Nf2 Qh7 41. h3 Qd7 42. Rf1 Re6 43. Be1 Kg7 44. h4 Kg8 45. Ng4 Qd6 46. Rc2 Kg7 47. hxg5 fxg5 48. Rcf2 Rhe8 49. Ne5 c5 50. Rf7+ Kg8 51. Rd7 Qb6 52. Rff7 Rf6 53. Rg7+ Kh8 54. Rh7+ 1-0